000
00322nam a22001457a 4500
008
210312b ||||| |||| 00| 0 eng d
020
_a
683077511008
041
_a
eng
080
_2
3rd
_a
617
082
_a
617
100
_a
6
101
_a
ANE
245
_a
Anesthesia for Obstetrics
_c
Shnider, S. M
942
_2
udc
_c
BK
999
_c
56556
_d
56556